Escola Montessori de la Mancomunitat : dos graus de pàrvuls. Classe intermèdia. Dos graus d'ensenyament elemental. dos graus de pàrvuls. Classe intermèdia. Dos graus d'ensenyament elemental.
Descripción Física:
[4] p. ; 22 cm
Materias:
Montessori, Mètode de -- Barcelona
MARC
| LEADER | 00000nam a2200000Ia 4500 | ||
|---|---|---|---|
| 001 | 18620 | ||
| 008 | 160829s9999 xx 000 0 cat d | ||
| 080 | |a RF-3-34 | ||
| 245 | |a Escola Montessori de la Mancomunitat : |b dos graus de pàrvuls. Classe intermèdia. Dos graus d'ensenyament elemental. | ||
| 260 | |a Barcelona : |b Imp. Henrich, [19-- ?] | ||
| 300 | |a [4] p. ; |c 22 cm | ||
| 590 | |a Prové de 3271, exp. 9 | ||
| 650 | |a Montessori, Mètode de |x Barcelona |9 47357 | ||
| 856 | 4 | |u https://media.diba.cat/diba/fitxers/arxiu/fulletons/bib_18620_1900_baixa.pdf |y Accés lliure | |
| 856 | 4 | |u https://media.diba.cat/diba/fitxers/arxiu/fulletons/bib_18620_1900_baixa.pdf |y Accés lliure | |
| 901 | |a Arxiu | ||
| 942 | |n 1 |2 udc | ||
| 952 | |0 0 |1 0 |4 0 |6 RF334 |7 1 |9 53834 |a Arxiu |b Arxiu |d 2016-12-01 |l 0 |o RF-3-34 |p 18620 |r 2016-12-01 00:00:00 |w 2016-12-01 |y ARXIU | ||
| 999 | |c 57700 |d 57700 | ||
| 900 | |a bib_18620_1900_baixa.pdf | ||